000 00647nam a2200205Ia 4500
003 GCL
008 140319s9999 xx 000 0 ara d
020 _a4044608197
040 _aGCL /
_cGCL
082 0 4 _a814
_bي ت
100 1 _aيوسف معاطى
245 1 0 _aتحب تكره امريكا /
_cيوسف معاطى
250 _aالاولى
260 _aالقاهرة :
_bأطلس للنشر والانتاج الاعلامى ،
_c2003
300 _a239 ص ؛
_c19 سم
650 0 4 _aالادب العربى
650 0 4 _aالمقالات العربية
650 0 4 _aالادب العربى الهزلى - مصر
942 _2ddc
_cBK
999 _c9343
_d9343